000 00745nam a22002777i 4500
001 B-12213
003 CO-BoFNCP
007 t||
008 090821s2009 a f z d
040 _aCO-BoFNCP
_bspa
_cCO-BoFNCP
_erda
041 _aspa
043 _ack
084 _aA-
245 0 0 _aPalma de aceite, tras la excelencia.
264 4 _c©2009
300 _apáginas 9A :
_bFotografías.
336 _atexto
_btxt
_2rdacontent
337 _asin mediación
_bn
_2rdamedia
338 _avolumen
_bnc
_2rdacarrier
650 0 _aAceite de palma
_929635.
650 0 _aPalma de aceite
_937678.
773 0 _aDocumento Petroenergético
_gMay-Jun, (2009) p. 9A
_wA-
_x2011-2181
942 _2z
_c1
999 _c26560
_d26560
999 _z1